000 00685cab a2200253 4500
001 WB3414-09
008 090401t1998 xxu||||| |||| 00| 0 eng d
035 _a(Sirsi) u85489
041 _aeng
245 _aSainsbury home shopping
260 _c1998
350 _a0
490 _aFinancial Times
_v6 April 1998, 1(1)
520 _aSainsbury has plans to become the first of the big supermarket groups to offer a home shopping service.
650 _aFOOD RETAILING
650 _aHOME DELIVERY
650 _aHOME SHOPPING
650 _aRETAILING
650 _aSAINSBURY
650 _aSUPERMARKETS
690 _aECONOMIC AND SOCIAL
942 _n0
948 _c07/04/1998
999 _c53755
_d53755